<?xml version="1.0" encoding="UTF-8"?>
<record
    xmlns:xsi="http://www.w3.org/2001/XMLSchema-instance"
    xsi:schemaLocation="http://www.loc.gov/MARC21/slim http://www.loc.gov/standards/marcxml/schema/MARC21slim.xsd"
    xmlns="http://www.loc.gov/MARC21/slim">

  <leader>00901nam a2200253 i 4500</leader>
  <controlfield tag="001">38862</controlfield>
  <controlfield tag="003">ES-MaACL</controlfield>
  <controlfield tag="005">20251015063051.0</controlfield>
  <controlfield tag="007">t|</controlfield>
  <controlfield tag="008">030226s1928    be cf        |||| | fre d</controlfield>
  <datafield tag="100" ind1="1" ind2=" ">
    <subfield code="a">Camp&#xF3;n, Pedro, </subfield>
    <subfield code="d">1887-1941</subfield>
    <subfield code="9">34237</subfield>
  </datafield>
  <datafield tag="245" ind1="1" ind2="0">
    <subfield code="a">Bruges la Divine </subfield>
    <subfield code="b">: eti-esth&#xE9;tique, paix universelle / </subfield>
    <subfield code="c">par Pedro Camp&#xF3;n Polo.</subfield>
  </datafield>
  <datafield tag="260" ind1=" " ind2=" ">
    <subfield code="a">Paris : </subfield>
    <subfield code="b">[s. n.], </subfield>
    <subfield code="c">1928 (</subfield>
    <subfield code="e">Bruxelles : </subfield>
    <subfield code="f">Les Arts Gr&#xE1;fiques)</subfield>
  </datafield>
  <datafield tag="300" ind1=" " ind2=" ">
    <subfield code="a">117 p., [4] h. de l&#xE1;m. ; </subfield>
    <subfield code="c">18 cm.</subfield>
  </datafield>
  <datafield tag="500" ind1=" " ind2=" ">
    <subfield code="a">Cat&#xE1;logo de obras de Pedro Camp&#xF3;n.</subfield>
  </datafield>
  <datafield tag="501" ind1=" " ind2=" ">
    <subfield code="a">Carta de W. Zotter, en alem&#xE1;n.</subfield>
  </datafield>
  <datafield tag="505" ind1="8" ind2=" ">
    <subfield code="a">Contiene tambi&#xE9;n: ; </subfield>
    <subfield code="t">La trag&#xE9;die humaine ; </subfield>
    <subfield code="t">Los doce puntos</subfield>
  </datafield>
  <datafield tag="546" ind1=" " ind2=" ">
    <subfield code="a">Texto en franc&#xE9;s y espa&#xF1;ol.</subfield>
  </datafield>
  <datafield tag="599" ind1=" " ind2=" ">
    <subfield code="a">L&#xE1;m. con obras del autor.</subfield>
  </datafield>
  <datafield tag="740" ind1="3" ind2=" ">
    <subfield code="a">La trag&#xE9;die humaine.</subfield>
  </datafield>
  <datafield tag="740" ind1="4" ind2=" ">
    <subfield code="a">Los doce puntos.</subfield>
  </datafield>
  <datafield tag="852" ind1=" " ind2=" ">
    <subfield code="a">ES-MaACL</subfield>
    <subfield code="j">B-3791 </subfield>
    <subfield code="z">. - hol. roja</subfield>
  </datafield>
  <datafield tag="999" ind1=" " ind2=" ">
    <subfield code="c">38862</subfield>
    <subfield code="d">38862</subfield>
  </datafield>
  <datafield tag="952" ind1=" " ind2=" ">
    <subfield code="0">0</subfield>
    <subfield code="1">0</subfield>
    <subfield code="4">0</subfield>
    <subfield code="7">0</subfield>
    <subfield code="a">ATENEOM</subfield>
    <subfield code="b">ATENEOM</subfield>
    <subfield code="c">SPB</subfield>
    <subfield code="d">2008-01-17</subfield>
    <subfield code="e">SC</subfield>
    <subfield code="l">0</subfield>
    <subfield code="o">B-3791</subfield>
    <subfield code="p">1040922</subfield>
    <subfield code="r">2023-02-23 00:00:00</subfield>
    <subfield code="w">2023-02-23</subfield>
    <subfield code="y">MONOGRAFIA</subfield>
  </datafield>
</record>
